000 nam a22 a 4500
999 _c6145
_d6145
003 BLK
005 20230217093301.0
008 180412b bul|||||r ||||||| ||bul||
010 _aKNG00007368000
020 _a954-638-010-5
040 _aBLK
041 _aBUL
_cBUL
080 _aНемска литература
_b821.112.2
_x-93-34
_z821.112.2-93-34
100 1 _aХауф, Вилхелм
_eпърви автор
_9241918
139 _aХауф, Вилхелм
_bХ 33
245 1 0 _aКерванът
_b[Приказки]
_cВилхелм Хауф; прев. от нем. Серафима Дятчин; худож. Пламен Тафраджийски.
257 _aDEU
260 _bСофи-Р
_c1994
_a[София]
300 _a64 с.
_bс цв. ил.
_c24 см
380 _aDX
500 _aОфс. изд. -15 000 тир. Съдържа и Халифът Щърк ; Корабът на призраците ; Отсечената ръка ; Спасяването на Фатма ; Малкият Мук
700 1 _aДятчин, Серафима
_eпрев. от нем.
_9251080
700 1 _aТафраджийски, Пламен
_eхудож.
_9251081
852 _aЦб 194042
856 4 _qpdf
_u
_i0.00
_ldisable
856 4 _qpdf
_u
_i0.00
_ldisable
942 _cKNG
_n0
_s1
944 _aCR
_c15.01.2003
_kГеновева_Генчева
944 _aED
_c2023-02-17
_kир
999 _d6145